01191 2200265 4500001002100000005001500021035002000036007000300056008004100059020002200100082001000122084001900132100002600151245006000177250003100237300004300268650002300311650001500334520043200349264005400781336002100835337003000856338002300886990001600909INLIS00000000116517220250514085921 a0010-1224000052ta250514 g 0 ind  a978-623-359-497-4 a628.4 aSR 628.4 CHA s0 aChandra Wahyu Purnomo1 aSolusi pengelolaan sampah kota /cChandra Wahyu Purnomo aCetakan pertama, Juli 2024 axvi, 192 halaman :bilustrasi ;c23 cm 4aSampah, Pembuangan 4aDaur ulang aBuku ini menyajikan solusi pengelolaan sampah perkotaan dengan berbagai metode. Saya berharap buku ini dapat menjadi referensi yang baik untuk semua pihak dalam menyusun dan melakukan upaya pengelolaan sampah secara komprehensif mulai dari sumber sampai di tempat pemrosesan akhir sampah, sehingga persoalan pengelolaan sampah, sebagaimana diamanatkan dalam Undang-undang 18 tahun 2008 tentang Pengeloaan Sampah dapat terwujud. aYogyakarta :bGadjah Mada University Press,c2024 2rdacontentateks 2rdamediaatanpa perantara 2rdacarrieravolume a55362.68182